[Event "Omsk Rating op"]
[Site "Omsk"]
[Date "2014.10.15"]
[Round "6"]
[White "Skokov, Boris"]
[Black "Mikhaylov, Mikhail"]
[Result "1-0"]
[WhiteElo "2006"]
[BlackElo "1890"]
[PlyCount "31"]
[EventDate "2014.10.06"]
[EventType "swiss"]
[EventRounds "9"]
[EventCountry "RUS"]
[SourceTitle "EXT 2023"]
[Source "ChessBase"]
[SourceDate "2022.10.05"]
[SourceVersion "1"]
[SourceVersionDate "2022.10.05"]
[SourceQuality "1"]

1. e4 c5 2. Nf3 Nc6 3. Nc3 g6 4. d4 cxd4 5. Nxd4 Bg7 6. Be3 Nf6 7. Nxc6 bxc6 8. e5 Nd5 9. Nxd5 cxd5 10. Qxd5 Rb8 11. Bc4 e6 12. Qc5 Bb7 13. 0-0 Rc8 14. Qd4 Qe7 15. Bb5 Bd5 16. Bxd7+ 1-0

[Event "Omsk Rating op"]
[Site "Omsk"]
[Date "2014.10.12"]
[Round "4"]
[White "Soloviov, Igor"]
[Black "Skokov, Boris"]
[Result "0-1"]
[WhiteElo "1412"]
[BlackElo "2006"]
[PlyCount "28"]
[EventDate "2014.10.06"]
[EventType "swiss"]
[EventRounds "9"]
[EventCountry "RUS"]
[SourceTitle "EXT 2023"]
[Source "ChessBase"]
[SourceDate "2022.10.05"]
[SourceVersion "1"]
[SourceVersionDate "2022.10.05"]
[SourceQuality "1"]

1. e4 e6 2. d4 d5 3. Nc3 Nf6 4. Bg5 Be7 5. e5 Nfd7 6. Bxe7 Qxe7 7. Nf3 0-0 8. Bd3 a6 9. 0-0 c5 10. Ne2 c4 11. Bxh7+ Kxh7 12. c3 Rh8 13. Ng3 Kg8 14. h3 Nc6 0-1

[Event "Omsk op"]
[Site "Omsk"]
[Date "2013.09.10"]
[Round "1"]
[White "Petrenko, Mikhail"]
[Black "Skokov, Boris"]
[Result "0-1"]
[WhiteElo "1675"]
[BlackElo "2042"]
[PlyCount "71"]
[EventDate "2013.09.10"]
[EventType "swiss"]
[EventRounds "9"]
[EventCountry "RUS"]
[SourceTitle "CBM 156 Extra"]
[Source "ChessBase"]
[SourceDate "2013.10.22"]
[SourceVersion "1"]
[SourceVersionDate "2013.10.22"]
[SourceQuality "1"]

1. e4 e6 2. d4 d5 3. e5 c5 4. c3 Nc6 5. Nf3 Qb6 6. a3 c4 7. Nbd2 f6 8. Be2 fxe5 9. dxe5 Nge7 10. 0-0 Ng6 11. b3 cxb3 12. Nxb3 Ncxe5 13. Nxe5 Nxe5 14. Be3 Qd8 15. Bd4 Ng6 16. Bh5 Bd6 17. Bxg7 Bxh2+ 18. Kxh2 Qc7+ 19. Be5 Qxe5+ 20. f4 Qc7 21. Qd4 0-0 22. g3 Qg7 23. Bg4 Ne7 24. Qxg7+ Kxg7 25. Nc5 Nf5 26. Rfe1 Rf6 27. Bxf5 exf5 28. Re7+ Rf7 29. Rae1 b6 30. Nb3 Ba6 31. Rxf7+ Kxf7 32. Re5 Kg6 33. Rxd5 Re8 34. Rd6+ Kf7 35. Rd7+ Kg6 36. Rxa7 0-1

[Event "Omsk-ch"]
[Site "Omsk"]
[Date "2013.02.15"]
[Round "7"]
[White "Manchenko, Vladimir"]
[Black "Skokov, Boris"]
[Result "1/2-1/2"]
[WhiteElo "2043"]
[BlackElo "2010"]
[PlyCount "76"]
[EventDate "2013.02.09"]
[EventType "swiss"]
[EventRounds "9"]
[EventCountry "RUS"]
[SourceTitle "CBM 153 Extra"]
[Source "ChessBase"]
[SourceDate "2013.04.22"]
[SourceVersion "1"]
[SourceVersionDate "2013.04.22"]
[SourceQuality "1"]

1. c4 Nf6 2. Nc3 e6 3. d4 Bb4 4. Bd2 0-0 5. Qb3 c5 6. a3 Bxc3 7. Bxc3 cxd4 8. Bxd4 Nc6 9. Nf3 Nxd4 10. Nxd4 Qa5+ 11. Qb4 Qe5 12. Nf3 Qf5 13. c5 Ne4 14. Rc1 Rd8 15. e3 d5 16. Qd4 Bd7 17. b4 a6 18. Bd3 f6 19. 0-0 e5 20. Qb2 Bc6 21. Nd2 Qg5 22. Nf3 Qh6 23. Rfd1 Ba4 24. Bc2 Bxc2 25. Rxc2 Rac8 26. Qb3 Qg6 27. Nh4 Qf7 28. f3 Qh5 29. Rxd5 Kh8 30. Qd3 Rxd5 31. Qxd5 g5 32. g3 gxh4 33. g4 Qg5 34. Qxe4 h5 35. h3 hxg4 36. fxg4 Rd8 37. Qf3 Rd3 38. Kf2 Rxa3 1/2-1/2

[Event "Omsk CC-ch final"]
[Site "Omsk"]
[Date "2011.09.10"]
[Round "11"]
[White "Zenzera, Alexey"]
[Black "Skokov, Boris"]
[Result "1-0"]
[WhiteElo "2236"]
[BlackElo "2061"]
[PlyCount "57"]
[EventDate "2011.08.20"]
[EventType "swiss"]
[EventRounds "11"]
[EventCountry "RUS"]
[SourceTitle "EXT 2023"]
[Source "ChessBase"]
[SourceDate "2022.10.05"]
[SourceVersion "1"]
[SourceVersionDate "2022.10.05"]
[SourceQuality "1"]

1. Nf3 Nf6 2. c4 e6 3. g3 d5 4. d4 c5 5. cxd5 exd5 6. Bg2 Nc6 7. 0-0 Bg4 8. Ne5 Bd7 9. Bg5 cxd4 10. Nxd7 Qxd7 11. Bxf6 gxf6 12. Qd3 Be7 13. Nd2 Nb4 14. Qf3 Rd8 15. Nb3 Nc6 16. Rad1 d3 17. Qxd3 0-0 18. Bxd5 Ne5 19. Qe4 Kh8 20. Rd4 Qh3 21. Qg2 Qxg2+ 22. Kxg2 b6 23. Rc1 Rd7 24. Be4 Rfd8 25. Rxd7 Rxd7 26. Bf5 Rb7 27. f4 Nd7 28. Be4 Rb8 29. Rc7 1-0